000 01107 a2200229 4500
001 45485
005 20260407155727.0
008 260407a arg spa d
003 AR-UNSa-BCEJYS
040 _aAR-UNSa-BCEJYS
_bspa
_cAR-UNSa-BCEJYS
080 _a336.5
_xGasto público. Gastos del estado
245 1 0 _aGasto Público dirigido a la niñez en la Argentina
264 1 _aBuenos Aires :
_bUNICEF
300 _a49 p.
_c30 cm.
505 _a1. Introducción – 2. Aspectos metodológicos – 3. Gasto Público Consolidado dirigido a la Niñez, 2001-2002 – 4. Gasto público Nacional dirigido a la Niñez, 1995-2003 – 4.1. Gasto público Nacional dirigido a la Niñez en el año 2002 – 5. Gasto público Provincial dirigido a la Niñez en provincias seleccionadas, 2001-2002.
041 _aspa
942 _cBK
590 _aniveau_biblio:m niveau_hierar:0
100 1 _aUNICEF
700 1 _aArgentina. Ministerio de Economía y Producción. Secretaría de Política Económica
856 4 1 _uhttps://www.biblioeco.unsa.edu.ar/pmb/images/libros/L127117.jpg
_yImagen de portada
_qimage/jpeg
999 _c3938
_d3938